|
|
|
|
| LEADER |
00000cam a2200000 7i4500 |
| 001 |
0000139818 |
| 005 |
20210312.0 |
| 008 |
210312s2020 my x f may d |
| 020 |
|
|
|a 9789670697703 (set)
|
| 020 |
|
|
|a 9789670697789
|
| 040 |
|
|
|a PERPUSTAM
|b eng
|c PERPUSTAM
|e rda
|
| 090 |
0 |
0 |
|a J 499.2311
|b AMM
|
| 100 |
0 |
|
|a Ammar Khalis ,
|e author
|
| 245 |
1 |
0 |
|a Tempat-tempat yang Selalu Kita Kunjungi
|c Ammar Khalis
|
| 264 |
|
1 |
|a Johor :
|b PUSTAKA NENAS
|c 2020
|
| 300 |
|
|
|a 32 pages :
|b colour illustrations ;
|c 21cm.
|
| 336 |
|
|
|a text
|2 rdacontent
|
| 337 |
|
|
|a unmediated
|2 rdamedia
|
| 338 |
|
|
|a volume
|2 rdacarrier
|
| 490 |
1 |
|
|a SIRI BELAJAR TULISAN JAWI
|
| 650 |
1 |
0 |
|a Jawi alphabet
|x Reading
|
| 830 |
|
0 |
|a Siri belajar tulisan jawi
|
| 999 |
|
|
|a 0000668740
|b Buku
|c Koleksi Pinjaman Kanak-Kanak
|e Perbadanan Perpustakaan Awam Melaka
|
| 999 |
|
|
|a 0000668741
|b Buku
|c Koleksi Pinjaman Kanak-Kanak
|e Perpustakaan Cawangan Jasin
|
| 999 |
|
|
|a 0000668742
|b Buku
|c Koleksi Pinjaman Kanak-Kanak
|e Perpustakaan Cawangan Masjid Tanah
|
| 999 |
|
|
|a 0000668743
|b Buku
|c Koleksi Pinjaman Kanak-Kanak
|e Perpustakaan Cawangan Merlimau
|
| 999 |
|
|
|a 0000668744
|b Buku
|c Koleksi Pinjaman Kanak-Kanak
|e Perbadanan Perpustakaan Awam Melaka
|
| 999 |
|
|
|a 0000668745
|b Buku
|c Koleksi Pinjaman Kanak-Kanak
|e Perbadanan Perpustakaan Awam Melaka
|
| 999 |
|
|
|a 0000668746
|b Buku
|c Koleksi Pinjaman Kanak-Kanak
|e Perpustakaan Komuniti UTC Melaka
|
| 999 |
|
|
|a 0000668747
|b Buku
|c Koleksi Pinjaman Kanak-Kanak
|e Perbadanan Perpustakaan Awam Melaka
|
| 999 |
|
|
|a 0000668748
|b Buku
|c Koleksi Pinjaman Kanak-Kanak
|e Perbadanan Perpustakaan Awam Melaka
|
| 999 |
|
|
|a 0000668749
|b Buku
|c Koleksi Pinjaman Kanak-Kanak
|e Perbadanan Perpustakaan Awam Melaka
|
| 999 |
|
|
|a 0000668750
|b Buku
|c Koleksi Pinjaman Kanak-Kanak
|e Perbadanan Perpustakaan Awam Melaka
|